• 首页
  • 本馆介绍
  • 公告通知
  • 最新文献
  • 馆藏检索
  • 电子资源
  • 读者导购
  • 参考咨询
  • 我的图书馆
  • 登录
  • 详细信息显示
  • 放入我的书架
  • 预约/预借图书
  • 作者相关作品
  • 分类相关作品
  • 丛书相关作品
  • 出版社相关作品

书目信息

  • 表格格式
  • 工作单格式
  • 卡片格式
题名:
PBL项目学习
    
 
作者: 莎拉·哈勒曼 , 约翰·拉尔默 , 约翰·R.梅根多勒 勒著
分册:  
出版信息: 北京   光明日报出版社  2019.03
页数: 191页
开本: 25cm
丛书名:
单 册:
中图分类: G622.41
科图分类:
主题词: 小学--xiao xue--教学法
电子资源:
ISBN: 978-7-5194-4878-3
000 01224nam0 2200253 450
001 0109110042
005 20201109110333.0
010    @a978-7-5194-4878-3@dCNY58.00
100    @a20190124d2019 em y0chiy0110 ea
101 0  @achi
102    @aCN@b110000
105    @ay z 000yy
106    @ar
200 1  @aPBL项目学习@AP B L xiang mu xue xi@f(美)莎拉·哈勒曼, (美)约翰·拉尔默, (美)约翰·R.梅根多勒著
210    @a北京@c光明日报出版社@d2019.03
215    @a191页@d25cm
330    @a本书是PBL(PBL:基于项目的学习,是一种以学生为中心的教学新方法)工具箱系列图书之一。PBL工具箱系列图书由美国巴克教育研究所(BIE)出版,是一系列探讨PBL项目学习的具有特定主题的工具类书籍。它包含项目学习所需的所有必备元素,并通过精心策划和熟练操作将PBL带到课堂教学,使其发挥作用!《PBL项目学习:小学篇》专为小学教学而设计,每个工具箱都围绕一系列示例、指导和资源而建立,旨在帮助教师和学校更有效地进行PBL项目学习。
606 0  @a小学@Axiao xue@x教学法
690    @aG622.41@v5
701  0 @c(美)@a莎拉·哈勒曼@Asha la · ha le man@4勒著
701  0 @c(美)@a约翰·拉尔默@Ayue han · la er mo@4勒著
701  0 @c(美)@a约翰·R.梅根多勒@Ayue han · R . mei gen duo le@4著
801  0 @aCN@bBJSZM@c20201103
905    @b1265151-5@dG622.41@e1240@f5
    
    PBL项目学习/(美)莎拉·哈勒曼, (美)约翰·拉尔默, (美)约翰·R.梅根多勒著.-北京:光明日报出版社,2019.03
    191页;25cm
    
    
    ISBN 978-7-5194-4878-3:CNY58.00
    本书是PBL(PBL:基于项目的学习,是一种以学生为中心的教学新方法)工具箱系列图书之一。PBL工具箱系列图书由美国巴克教育研究所(BIE)出版,是一系列探讨PBL项目学习的具有特定主题的工具类书籍。它包含项目学习所需的所有必备元素,并通过精心策划和熟练操作将PBL带到课堂教学,使其发挥作用!《PBL项目学习:小学篇》专为小学教学而设计,每个工具箱都围绕一系列示例、指导和资源而建立,旨在帮助教师和学校更有效地进行PBL项目学习。
●
相关链接 在E读中查询图书 在五车中查询图书 在当当中查询图书 在豆瓣中查询图书


正题名:PBL项目学习     索取号:G622.41/1240         预约/预借

序号 登录号 条形码 馆藏地/架位号 状态 备注
1 1265151   212651511   第一样本阅览室/ [索取号:G622.41/1240] 在馆    
2 1265152   212651520   教育系资料室/ [索取号:G622.41/1240] 在馆    
3 1265153   212651539   教育系资料室/ [索取号:G622.41/1240] 在馆    
4 1265154   212651548   第四借阅区/ [索取号:G622.41/1240] 在馆    
5 1265155   212651557   第四借阅区/ [索取号:G622.41/1240] 在馆    
唐山师范学院图书馆 欢迎您!
大连网信软件有限公司© 版权所有